[Event "CYCC U12"]
[Site "Quebec CAN"]
[Date "2018.07.04"]
[Round "6.91"]
[White "Taylor, Noah"]
[Black "Odrcich, Evan"]
[Result "0-1"]
[WhiteElo "756"]
[BlackElo "848"]
[PlyCount "108"]
[EventDate "2018.07.02"]
[EventType "swiss"]
[EventRounds "7"]
[EventCountry "CAN"]

1. Nf3 d5 2. e3 Nf6 3. Bd3 Nc6 4. c3 e5 5. c4 e4 6. Bc2 exf3 7. Qxf3 Be6 8.
cxd5 Bxd5 9. e4 Nd4 10. Qd1 Nxc2+ 11. Qxc2 Bxe4 12. d3 Bxd3 13. Qa4+ Qd7 14.
Qxd7+ Nxd7 15. Nc3 Bb4 16. Bd2 O-O 17. Nd5 c5 18. Nxb4 cxb4 19. Bxb4 Rfe8+ 20.
Kd2 Ba6 21. Rae1 Nf6 22. Re3 Rad8+ 23. Rd3 Rxd3+ 24. Kc1 Re2 25. Re1 Rxe1+ 26.
Bxe1 Kf8 27. Bb4+ Ke8 28. f4 Re3 29. Bc5 Re2 30. Bxa7 Rxg2 31. b4 Rxa2 32. h4
Be2 33. Bd4 Ke7 34. f5 Bd3 35. Bc5+ Kd7 36. Bd4 Bxf5 37. b5 Bd3 38. b6 Nd5 39.
h5 Rc2+ 40. Kd1 Nc3+ 41. Bxc3 Rxc3 42. Kd2 Rc6 43. Kxd3 Re6 44. Kd4 f5 45. Kd5
f4 46. h6 gxh6 47. Kc5 f3 48. Kb5 f2 49. Kc5 f1=Q 50. Kd5 Qf5+ 51. Kd4 Re4+ 52.
Kd3 Qf3+ 53. Kd2 Re2+ 54. Kd1 Qf1# 0-1

[Event "CYCC U12"]
[Site "Quebec CAN"]
[Date "2018.07.04"]
[Round "6.93"]
[White "Kriemadis, Noah"]
[Black "Yim, Warren"]
[Result "0-1"]
[WhiteElo "771"]
[BlackElo "672"]
[PlyCount "28"]
[EventDate "2018.07.02"]
[EventType "swiss"]
[EventRounds "7"]
[EventCountry "CAN"]

1. Nf3 Nc6 2. e4 e5 3. Bc4 Bc5 4. Nc3 Nf6 5. O-O O-O 6. d3 h6 7. Nd5 Nxd5 8.
exd5 Nd4 9. Nxe5 d6 10. Nf3 Bg4 11. c3 Nxf3+ 12. gxf3 Bh3 13. Re1 Qf6 14. d4
Qg6+ 0-1

[Event "CYCC U12"]
[Site "Quebec CAN"]
[Date "2018.07.05"]
[Round "7.60"]
[White "Issani, Nameer"]
[Black "Chen, Max"]
[Result "1/2-1/2"]
[WhiteElo "2207"]
[BlackElo "2028"]
[PlyCount "78"]
[EventDate "2018.07.02"]
[EventType "swiss"]
[EventRounds "7"]
[EventCountry "CAN"]

1. e4 c6 2. d4 d5 3. e5 c5 4. c3 Nc6 5. Be3 Bf5 6. Nd2 Qb6 7. Qb3 c4 8. Qxb6
axb6 9. a3 e6 10. f4 h5 11. Be2 Be7 12. g3 Kd7 13. h3 b5 14. Rc1 Na7 15. Rh2
Nc8 16. Rg2 Nb6 17. g4 hxg4 18. hxg4 Bg6 19. f5 exf5 20. gxf5 Bxf5 21. Rxg7 Bg6
22. Bg4+ Ke8 23. Ngf3 Kf8 24. Rxg6 fxg6 25. Kf2 Nh6 26. Be6 Nf5 27. Bf4 Bh4+
28. Ke2 Re8 29. Bxf5 gxf5 30. Bg5 Bxg5 31. Nxg5 Rh2+ 32. Kd1 Rh1+ 33. Kc2 Rxc1+
34. Kxc1 Kg7 35. Ndf3 Kg6 36. Nh3 Kh5 37. Nf2 Rg8 38. Kd2 Na4 39. Ke3 Nxb2
1/2-1/2

[Event "CYCC U12"]
[Site "Quebec CAN"]
[Date "2018.07.05"]
[Round "7.61"]
[White "Zhao, Jeffrey R"]
[Black "Kang, Dorian"]
[Result "1-0"]
[WhiteElo "1833"]
[BlackElo "2098"]
[PlyCount "155"]
[EventDate "2018.07.02"]
[EventType "swiss"]
[EventRounds "7"]
[EventCountry "CAN"]

1. e4 c5 2. Nf3 Nc6 3. d4 cxd4 4. Nxd4 Nf6 5. Nc3 e5 6. Ndb5 d6 7. Bg5 a6 8.
Na3 b5 9. Nd5 Be7 10. Bxf6 Bxf6 11. c3 Bg5 12. Nc2 Rb8 13. Bd3 Be6 14. O-O Bxd5
15. exd5 Ne7 16. Nb4 a5 17. Na6 Rb7 18. Qe2 O-O 19. Bxb5 Qb6 20. a4 Nxd5 21. g3
Nc7 22. Nxc7 Rxc7 23. Rfd1 Rd8 24. h4 Bh6 25. Qxe5 Rc5 26. Qd4 Qc7 27. Rd3 g6
28. Rad1 Bg7 29. Qf4 Be5 30. Qd2 Qb6 31. Kh2 d5 32. Qe3 Qc7 33. Qf3 Qe7 34. Kg2
Qd6 35. Bc4 Qb8 36. Bxd5 Rd7 37. Qe3 Rc8 38. Bf3 Re7 39. Qd2 Kg7 40. Rd8 Rec7
41. Rxc8 Rxc8 42. Qd5 Bf6 43. Qb5 h5 44. Rd7 Rd8 45. Qxb8 Rxb8 46. Bd5 Kh6 47.
Rxf7 Bg7 48. Rb7 Rxb7 49. Bxb7 Bf8 50. Kf3 Bc5 51. Ke2 Kg7 52. f4 Kf6 53. Be4
Kf7 54. Kf3 Kf6 55. Bd3 Kf7 56. f5 gxf5 57. Bxf5 Kf6 58. Bd7 Kg6 59. Be8+ Kh6
60. g4 hxg4+ 61. Kxg4 Be7 62. h5 Kg7 63. Kf5 Kf8 64. h6 Kg8 65. Bg6 Bf8 66. h7+
Kg7 67. Ke6 Bc5 68. Kd5 Be7 69. Kc6 Bf6 70. Bd3 Be7 71. Kb5 Bd8 72. b4 Bf6 73.
Kxa5 Bxc3 74. Kb5 Bd4 75. a5 Kf7 76. Kc6 Ke7 77. a6 Kd8 78. a7 1-0

[Event "CYCC U12"]
[Site "Quebec CAN"]
[Date "2018.07.05"]
[Round "7.62"]
[White "Zheng, Richard"]
[Black "Windram, James"]
[Result "1-0"]
[WhiteElo "2011"]
[BlackElo "1803"]
[PlyCount "96"]
[EventDate "2018.07.02"]
[EventType "swiss"]
[EventRounds "7"]
[EventCountry "CAN"]

1. d4 Nf6 2. c4 c5 3. d5 e6 4. Nc3 exd5 5. cxd5 d6 6. e4 g6 7. f4 Bg7 8. Nf3
O-O 9. Bd3 Re8 10. O-O c4 11. Bc2 b5 12. a3 Qb6+ 13. Kh1 a6 14. h3 Nbd7 15. Re1
Nc5 16. Be3 Nfd7 17. Bd4 Qc7 18. Bxg7 Kxg7 19. Qd4+ Kg8 20. Rad1 f6 21. g4 Bb7
22. Re2 Re7 23. Rde1 Rf8 24. Kg2 Nb6 25. Qf2 g5 26. Nd4 Nbd7 27. Nf5 Rg7 28.
Nxg7 Kxg7 29. Re3 h6 30. Rf1 Qa5 31. Ne2 gxf4 32. Nxf4 Qd8 33. Rf3 Qe7 34. Nh5+
Kg6 35. e5+ f5 36. Bxf5+ Rxf5 37. gxf5+ Kxh5 38. f6 Qf7 39. Qg3 Qg6 40. Rf5+
Qg5 41. Rxg5+ hxg5 42. Qf3+ Kh6 43. f7 Nf8 44. Qf6+ Kh7 45. Qxd6 Ncd7 46. e6 g4
47. exd7 gxh3+ 48. Kg3 Bxd5 1-0

[Event "CYCC U12"]
[Site "Quebec CAN"]
[Date "2018.07.05"]
[Round "7.63"]
[White "Rusonik, Max"]
[Black "Srinivasan, Hemant"]
[Result "1-0"]
[WhiteElo "1999"]
[BlackElo "1468"]
[PlyCount "65"]
[EventDate "2018.07.02"]
[EventType "swiss"]
[EventRounds "7"]
[EventCountry "CAN"]

1. e4 c5 2. Nf3 g6 3. d4 cxd4 4. Nxd4 Bg7 5. c4 Nc6 6. Be3 d6 7. Nc3 Nf6 8. Be2
O-O 9. O-O Bd7 10. Nc2 Rc8 11. f4 a6 12. Rc1 Be8 13. Qd2 Nd7 14. a3 Nc5 15.
Rcd1 Bxc3 16. Qxc3 Nxe4 17. Qd3 Nf6 18. f5 Ne5 19. Qd4 Bd7 20. Bh6 Re8 21. Ne3
Nc6 22. Qh4 Qb6 23. fxg6 fxg6 24. Rxf6 exf6 25. Qxf6 Re7 26. c5 Qxc5 27. Bc4+
Qxc4 28. Nxc4 d5 29. Rxd5 Rce8 30. h3 Bxh3 31. Nd6 Bxg2 32. Nxe8 Bxd5 33. Qf8#
1-0

[Event "CYCC U12"]
[Site "Quebec CAN"]
[Date "2018.07.05"]
[Round "7.64"]
[White "Zhang, Chu Hang"]
[Black "Huang, Youhe"]
[Result "1-0"]
[WhiteElo "1557"]
[BlackElo "1949"]
[PlyCount "97"]
[EventDate "2018.07.02"]
[EventType "swiss"]
[EventRounds "7"]
[EventCountry "CAN"]

1. e4 c5 2. Nc3 Nc6 3. g3 g6 4. Bg2 Bg7 5. d3 d6 6. Nge2 a6 7. O-O e5 8. f4
Nge7 9. Kh1 O-O 10. Nd5 f5 11. c3 b5 12. a4 Bb7 13. axb5 axb5 14. Rxa8 Qxa8 15.
Qb3 Kh8 16. Nc7 Qa4 17. Qxb5 Qxb5 18. Nxb5 Ba6 19. Nxd6 Bxd3 20. Re1 Nc8 21.
Nb7 c4 22. exf5 e4 23. fxg6 hxg6 24. Ng1 Re8 25. Nc5 Nd6 26. Nh3 Ne7 27. Nf2
Nef5 28. g4 Nh4 29. Bxe4 Nxe4 30. Ncxe4 Bf8 31. Nxd3 cxd3 32. Re3 Nf3 33. Rxf3
Rxe4 34. Bd2 Re2 35. Rxd3 Bc5 36. b4 Ba7 37. c4 Re7 38. c5 Re8 39. Rd6 Bb8 40.
Rd4 Kg7 41. c6 Kf6 42. b5 Rc8 43. Ba5 Ba7 44. Rc4 Ke6 45. b6 Kd5 46. Rc2 Bxb6
47. Bxb6 Rxc6 48. Rxc6 Kxc6 49. h4 1-0

[Event "CYCC U12"]
[Site "Quebec CAN"]
[Date "2018.07.05"]
[Round "7.65"]
[White "Noor Ali, Aahil"]
[Black "Liu, Henry"]
[Result "1-0"]
[WhiteElo "2062"]
[BlackElo "1545"]
[PlyCount "91"]
[EventDate "2018.07.02"]
[EventType "swiss"]
[EventRounds "7"]
[EventCountry "CAN"]

1. d4 Nf6 2. c4 g6 3. Nc3 Bg7 4. e4 d6 5. f3 O-O 6. Be3 Nc6 7. Nge2 a6 8. a4
Na5 9. Qd3 e5 10. d5 c5 11. dxc6 Nxc6 12. O-O-O Be6 13. b3 Na5 14. Kb2 Rc8 15.
Nc1 Re8 16. Qxd6 Qxd6 17. Rxd6 Bf8 18. Rd1 Bb4 19. N1a2 Bc5 20. Bxc5 Rxc5 21.
Nb4 Rcc8 22. Rd6 Red8 23. Rxd8+ Rxd8 24. Nbd5 Kg7 25. Be2 Nc6 26. Rd1 Nd4 27.
Bf1 Nd7 28. Ne2 Nxe2 29. Bxe2 a5 30. Nb6 Kf6 31. c5 Ke7 32. Nxd7 Bxd7 33. Bb5
f5 34. Bxd7 Rxd7 35. Rxd7+ Kxd7 36. Kc3 f4 37. Kc4 Kc6 38. b4 axb4 39. Kxb4 g5
40. Kc4 h6 41. Kb4 h5 42. Kc4 g4 43. h4 gxf3 44. gxf3 b6 45. cxb6 Kxb6 46. Kd5
1-0

[Event "CYCC U12"]
[Site "Quebec CAN"]
[Date "2018.07.05"]
[Round "7.66"]
[White "Srinivas, Atharva"]
[Black "Joseph Benher, Savio"]
[Result "0-1"]
[WhiteElo "1567"]
[BlackElo "1746"]
[PlyCount "120"]
[EventDate "2018.07.02"]
[EventType "swiss"]
[EventRounds "7"]
[EventCountry "CAN"]

1. e4 e6 2. d4 d5 3. e5 c5 4. c3 Nc6 5. Nf3 f6 6. exf6 Nxf6 7. Be2 Bd6 8. O-O
O-O 9. h3 Bd7 10. Bg5 Qc7 11. c4 Nxd4 12. Nxd4 cxd4 13. Qxd4 Be5 14. Qd2 Ne4
15. Qc2 Nxg5 16. Nc3 Bxc3 17. Qxc3 Ne4 18. Qc2 Rac8 19. b3 Nd6 20. Rac1 dxc4
21. Bxc4 Nxc4 22. Qxc4 Qxc4 23. Rxc4 Rxc4 24. bxc4 Rc8 25. Rd1 Rc7 26. Rd4 Kf7
27. f4 b6 28. Kf2 Ke7 29. Ke3 Bc8 30. Re4 Bb7 31. Rd4 Bxg2 32. h4 Bf1 33. a3
Rxc4 34. Rxc4 Bxc4 35. Kd4 Bd5 36. Ke5 b5 37. f5 a5 38. fxe6 Bxe6 39. Kd4 b4
40. axb4 axb4 41. Kd3 b3 42. Kc3 Kf6 43. h5 Kg5 44. h6 Kxh6 45. Kb2 g5 46. Kc3
g4 47. Kb2 g3 48. Kc3 g2 49. Kd2 Kg5 50. Kc3 h5 51. Kd2 h4 52. Ke2 h3 53. Kf2
Kf4 54. Kg1 b2 55. Kh2 Bd7 56. Kg1 b1=R+ 57. Kf2 g1=Q+ 58. Ke2 Bb5+ 59. Kd2
Qe1+ 60. Kc2 Qc1# 0-1

[Event "CYCC U12"]
[Site "Quebec CAN"]
[Date "2018.07.05"]
[Round "7.67"]
[White "Zhang, Henry X"]
[Black "Li, Kevin"]
[Result "1-0"]
[WhiteElo "1551"]
[BlackElo "1741"]
[PlyCount "107"]
[EventDate "2018.07.02"]
[EventType "swiss"]
[EventRounds "7"]
[EventCountry "CAN"]

1. e4 c5 2. c3 d5 3. exd5 Qxd5 4. d4 Nc6 5. Be3 e6 6. Nf3 Nf6 7. Nbd2 cxd4 8.
Nxd4 Nxd4 9. cxd4 Bb4 10. Qa4+ Bd7 11. Qxb4 a5 12. Qb3 Qc6 13. Nf3 O-O 14. Bd3
Qc7 15. O-O Bc6 16. Ne5 Bd5 17. Qc2 Qd6 18. b3 Rac8 19. Qd2 Ne4 20. Bxe4 Bxe4
21. Qxa5 b6 22. Qd2 f5 23. f3 Bb7 24. Rac1 Ra8 25. Bf4 Qe7 26. Rc2 Rfc8 27.
Rfc1 Qa3 28. Rxc8+ Rxc8 29. Rxc8+ Bxc8 30. Qc1 Qf8 31. Qc7 Ba6 32. Qxb6 Bc8 33.
Qc6 Qd8 34. d5 exd5 35. Bg5 Qf8 36. Be7 Qxe7 37. Qxc8+ Qf8 38. Qxf8+ Kxf8 39.
a4 Ke7 40. a5 Kd6 41. a6 Kc7 42. b4 d4 43. b5 Kb6 44. Kf1 Ka7 45. Ke2 Kb6 46.
Nc4+ Ka7 47. Kd3 f4 48. Kxd4 g5 49. Kc5 Ka8 50. b6 h5 51. b7+ Ka7 52. Ne5 Kb8
53. Kb6 g4 54. a7# 1-0

[Event "CYCC U12"]
[Site "Quebec CAN"]
[Date "2018.07.05"]
[Round "7.68"]
[White "Xie, Austin"]
[Black "Ran, Charles"]
[Result "1/2-1/2"]
[WhiteElo "1494"]
[BlackElo "1741"]
[PlyCount "123"]
[EventDate "2018.07.02"]
[EventType "swiss"]
[EventRounds "7"]
[EventCountry "CAN"]

1. e4 e5 2. Nf3 Nc6 3. Bc4 Nf6 4. d3 Bc5 5. Nc3 a6 6. Bg5 h6 7. Bh4 d6 8. Nd5
g5 9. Nxg5 Nxd5 10. Qh5 Qf6 11. Nf3 Qg7 12. Bxd5 Bg4 13. Bxf7+ Kf8 14. Qg6 Qxg6
15. Bxg6 Rg8 16. Bf5 Bxf3 17. gxf3 Nd4 18. O-O-O Nxf3 19. Bg3 h5 20. h4 Nd4 21.
Kb1 Nxf5 22. exf5 Ke7 23. c3 Raf8 24. d4 exd4 25. cxd4 Bb6 26. Kc2 Rxf5 27.
Rhe1+ Kd7 28. Re4 Re8 29. Rde1 Rxe4 30. Rxe4 d5 31. Re5 Rxe5 32. Bxe5 c6 33.
Kd3 Bd8 34. Bg3 Ke6 35. f3 Be7 36. Ke3 Kf5 37. Kd3 Bf8 38. Ke3 Bh6+ 39. Kd3 Bf4
40. Bf2 Bd6 41. Be3 Bg3 42. Bg5 Bf4 43. Be7 Ke6 44. Bg5 Kf5 45. Be7 Bh2 46. Bg5
Bd6 47. Be3 b6 48. b3 c5 49. Bg5 Ke6 50. Bd8 Be7 51. Bxb6 cxd4 52. Bxd4 Bxh4
53. Bg1 Bg3 54. Ke2 h4 55. Bd4 h3 56. Kf1 Kf5 57. a4 Kf4 58. Kg1 Kxf3 59. b4
Bb8 60. b5 Ke4 61. Bc3 Ba7+ 62. Kh2 1/2-1/2

[Event "CYCC U12"]
[Site "Quebec CAN"]
[Date "2018.07.05"]
[Round "7.69"]
[White "Gu, Chuyang"]
[Black "Imoo, Joshua"]
[Result "1/2-1/2"]
[WhiteElo "1911"]
[BlackElo "1562"]
[PlyCount "133"]
[EventDate "2018.07.02"]
[EventType "swiss"]
[EventRounds "7"]
[EventCountry "CAN"]

1. e4 e5 2. Nf3 Nf6 3. Nxe5 d6 4. Nf3 Nxe4 5. d4 d5 6. Bd3 Bd6 7. c4 c6 8. O-O
O-O 9. Nc3 Nxc3 10. bxc3 dxc4 11. Bxc4 Bf5 12. Re1 Nd7 13. Bd3 Bxd3 14. Qxd3
Nf6 15. Bg5 Qd7 16. Bxf6 gxf6 17. Nh4 Kh8 18. Qf3 Qd8 19. Rab1 Rb8 20. Qh5 Qc7
21. Nf5 Rg8 22. Nxd6 Qxd6 23. Qxf7 Rg7 24. Qe6 Qd5 25. g3 Rf7 26. Qe2 b6 27.
Qc2 Rc8 28. Re3 c5 29. dxc5 Qxc5 30. Rbe1 Rfc7 31. Qb2 Qa5 32. c4 Qf5 33. Qb4
Qc5 34. Qc3 Qf5 35. Re4 b5 36. Re8+ Rxe8 37. Rxe8+ Kg7 38. Qb4 Rxc4 39. Qe7+
Kh6 40. Qe3+ Qg5 41. Qf3 a5 42. Re6 Kg6 43. Re8 Kh6 44. Re7 Rd4 45. Qe2 Qd5 46.
Qe3+ Kg6 47. f3 Rd1+ 48. Kg2 Qxa2+ 49. Kh3 Qd5 50. Re4 Qd7+ 51. g4 Qd2 52. Qc5
Qd5 53. Qc7 Rd4 54. Rxd4 Qxd4 55. Qxa5 Qd3 56. Qa8 b4 57. Qg8+ Kh6 58. Qf8+ Kg5
59. Qc5+ Kg6 60. Qxb4 Qxf3+ 61. Kh4 Qf2+ 62. Kh3 Qf3+ 63. Kh4 Qg2 64. Qf4 h6
65. Qf5+ Kg7 66. Qd7+ Kf8 67. Qd8+ 1/2-1/2

[Event "CYCC U12"]
[Site "Quebec CAN"]
[Date "2018.07.05"]
[Round "7.70"]
[White "Guipi Bopala, Prince Eric jr"]
[Black "Jeyakumar, Bhavatharshan"]
[Result "1-0"]
[WhiteElo "1829"]
[BlackElo "1509"]
[PlyCount "61"]
[EventDate "2018.07.02"]
[EventType "swiss"]
[EventRounds "7"]
[EventCountry "CAN"]

1. d4 Nf6 2. c4 g6 3. Nc3 d5 4. cxd5 Nxd5 5. e4 Nxc3 6. bxc3 Bg7 7. Nf3 c5 8.
Rb1 Nc6 9. d5 Ne5 10. Nxe5 Bxe5 11. Qc2 O-O 12. Be2 Rb8 13. O-O e6 14. f4 Bg7
15. Be3 Qc7 16. c4 Bd7 17. e5 b6 18. d6 Qd8 19. Bf3 Qc8 20. Bd2 Rd8 21. a4 a5
22. Rb2 Bc6 23. Bxc6 Qxc6 24. Rfb1 g5 25. Bxa5 gxf4 26. Rxb6 Rxb6 27. Rxb6 Qa8
28. Rb5 Rd7 29. Bc7 Qc6 30. Rb8+ Bf8 31. Qe2 1-0

[Event "CYCC U12"]
[Site "Quebec CAN"]
[Date "2018.07.05"]
[Round "7.71"]
[White "Gao, Raymond"]
[Black "Mugunthan, Vaamanan"]
[Result "1-0"]
[WhiteElo "1762"]
[BlackElo "1418"]
[PlyCount "147"]
[EventDate "2018.07.02"]
[EventType "swiss"]
[EventRounds "7"]
[EventCountry "CAN"]

1. e4 e5 2. Nf3 Nc6 3. Bc4 Bc5 4. c3 Nf6 5. d3 d6 6. Bb3 h6 7. O-O O-O 8. Nbd2
Be6 9. Re1 Re8 10. h3 Qd7 11. Nf1 d5 12. Qe2 Rad8 13. Bc2 a6 14. Ng3 Qc8 15.
Nh4 d4 16. c4 b5 17. cxb5 axb5 18. Nhf5 Ne7 19. Nxe7+ Rxe7 20. Qf3 Bb4 21. Rf1
Nh7 22. Nh5 Kh8 23. Bb3 Bxb3 24. axb3 Qe6 25. Ng3 Ng5 26. Qh5 Qf6 27. f4 exf4
28. Bxf4 Qg6 29. Qxg6 fxg6 30. Bxg5 hxg5 31. Ra7 c6 32. Rxe7 Bxe7 33. Ra1 Bd6
34. Ne2 Kg8 35. Ra6 c5 36. Rc6 Kf7 37. Kf2 Ke7 38. Ng1 Kd7 39. Rb6 Rc8 40. Nf3
g4 41. hxg4 Rc6 42. Ra6 Bf4 43. Ra8 Rc8 44. Ra1 g5 45. g3 Be3+ 46. Ke2 c4 47.
bxc4 bxc4 48. Ne5+ Ke7 49. Nxc4 Rb8 50. Ra7+ Kf8 51. Nxe3 Rxb2+ 52. Kf3 dxe3
53. Kxe3 Rg2 54. Kf3 Rd2 55. Rd7 Ra2 56. e5 Ra4 57. d4 Ra1 58. Ke4 Rg1 59. Kf5
Rxg3 60. Kxg5 Rf3 61. e6 Ra3 62. Rf7+ Kg8 63. Kg6 Rh3 64. Rxg7+ Kf8 65. Rd7 Ke8
66. g5 Kf8 67. d5 Ke8 68. d6 Re3 69. Re7+ Kf8 70. Rf7+ Ke8 71. d7+ Kd8 72. Rf8+
Ke7 73. d8=Q+ Kxe6 74. Re8# 1-0

[Event "CYCC U12"]
[Site "Quebec CAN"]
[Date "2018.07.05"]
[Round "7.72"]
[White "Jiang, David"]
[Black "Zhu, Matthew"]
[Result "1/2-1/2"]
[WhiteElo "1029"]
[BlackElo "1668"]
[PlyCount "131"]
[EventDate "2018.07.02"]
[EventType "swiss"]
[EventRounds "7"]
[EventCountry "CAN"]

1. d4 d5 2. c4 c6 3. Nc3 Nf6 4. Nf3 dxc4 5. a4 Bf5 6. e3 e6 7. Bxc4 Bb4 8. O-O
O-O 9. Nh4 Bg6 10. Nxg6 hxg6 11. Qb3 Qe7 12. Bd2 Nbd7 13. Rfe1 Rfd8 14. Ne4
Bxd2 15. Nxd2 Nb6 16. Rad1 Rac8 17. a5 Nxc4 18. Nxc4 c5 19. dxc5 Rxd1 20. Rxd1
Qxc5 21. Nd6 Rb8 22. Nxb7 Qc6 23. Nd8 Qc7 24. Qd3 Nd5 25. e4 Rxd8 26. exd5 Rxd5
27. Qe2 Qe5 28. Qc2 Qxb2 29. Qc1 Qxc1 30. Rxc1 Rxa5 31. Rc8+ Kh7 32. g3 g5 33.
Kg2 Kg6 34. Kf3 Ra4 35. Rc7 a5 36. Rc5 Ra3+ 37. Ke4 Ra2 38. Kf3 a4 39. h4 gxh4
40. gxh4 a3 41. Ra5 Ra1 42. Kg2 a2 43. Kf3 f6 44. Ra6 e5 45. Kg2 Kh5 46. Ra4 g5
47. hxg5 Kxg5 48. Ra3 e4 49. Rg3+ Kf4 50. Ra3 f5 51. Ra4 Kg4 52. f3+ Kg5 53.
fxe4 fxe4 54. Ra5+ Kf4 55. Ra4 Ke3 56. Ra3+ Kd2 57. Ra8 e3 58. Rd8+ Ke2 59. Ra8
Rd1 60. Rxa2+ Rd2 61. Ra1 Kd3+ 62. Kf1 Rh2 63. Ra3+ Ke4 64. Ra8 Rh5 65. Re8+
Kf4 66. Rf8+ 1/2-1/2

[Event "CYCC U12"]
[Site "Quebec CAN"]
[Date "2018.07.05"]
[Round "7.73"]
[White "Chen, Richard"]
[Black "Liu, Harry"]
[Result "0-1"]
[WhiteElo "1221"]
[BlackElo "1651"]
[PlyCount "106"]
[EventDate "2018.07.02"]
[EventType "swiss"]
[EventRounds "7"]
[EventCountry "CAN"]

1. e4 c5 2. Nf3 Nc6 3. d4 cxd4 4. Nxd4 g6 5. Nxc6 bxc6 6. Bc4 Bg7 7. O-O d6 8.
Nc3 Nf6 9. Be3 Ng4 10. Bd4 e5 11. Be3 Nxe3 12. fxe3 O-O 13. Qe2 Qc7 14. Rad1
Be6 15. Bb3 Rad8 16. Rd2 Bxb3 17. axb3 Rd7 18. Nb1 d5 19. Rfd1 Rfd8 20. exd5
cxd5 21. Nc3 Qb7 22. Qf3 e4 23. Qf2 Bxc3 24. bxc3 Qc6 25. Rd4 Qxc3 26. Qd2 Rc8
27. Qxc3 Rxc3 28. Rxd5 Rxd5 29. Rxd5 Rxe3 30. Ra5 Rc3 31. Rxa7 Rxc2 32. b4 Rb2
33. Rb7 e3 34. Kf1 Rf2+ 35. Kg1 Rf6 36. Re7 Rb6 37. Re4 f5 38. Rxe3 Rxb4 39.
Re7 Rb2 40. h3 Rb6 41. Kf2 Rf6 42. Kf3 Rf7 43. Rxf7 Kxf7 44. Kf4 Kf6 45. h4 h6
46. g3 Ke6 47. g4 fxg4 48. Kxg4 Ke5 49. Kg3 Kf5 50. Kf3 h5 51. Kg3 Ke4 52. Kh3
Kf4 53. Kg2 Kg4 0-1

[Event "CYCC U12"]
[Site "Quebec CAN"]
[Date "2018.07.05"]
[Round "7.74"]
[White "Lin, Felix"]
[Black "Gao, William"]
[Result "1-0"]
[WhiteElo "1470"]
[BlackElo "1465"]
[PlyCount "160"]
[EventDate "2018.07.02"]
[EventType "swiss"]
[EventRounds "7"]
[EventCountry "CAN"]

1. Nf3 Nf6 2. c4 e6 3. Nc3 b6 4. d4 Bb4 5. e3 Bb7 6. Bd3 Bxc3+ 7. bxc3 Ne4 8.
Qc2 f5 9. O-O d6 10. Nd2 Nxd2 11. Qxd2 Nd7 12. Re1 Qg5 13. f3 Bxf3 14. Qf2 Be4
15. Bxe4 fxe4 16. Qf4 Qg6 17. Ba3 Rf8 18. Qh4 Nf6 19. c5 Rd8 20. Rf1 Qh6 21.
Qg3 Ke7 22. cxd6+ cxd6 23. c4 Qg6 24. Qh4 Qh6 25. Qxh6 gxh6 26. c5 Nd5 27.
cxd6+ Kd7 28. Rfe1 Rc8 29. Rab1 Rc2 30. Rb2 Rff2 31. Rxc2 Rxc2 32. Rf1 Ke8 33.
Rf8+ Kd7 34. Rf7+ Kd8 35. Rxa7 Nxe3 36. Rxh7 Nf5 37. Rh8+ Kd7 38. Rh7+ Kd8 39.
d7 e3 40. g4 Nxd4 41. Be7+ Kxd7 42. Bf6+ Kd6 43. Bxd4 e2 44. Kf2 Rxa2 45. Bxb6
Kd5 46. Rxh6 Ke5 47. g5 Kf5 48. h4 e5 49. Rf6+ Kg4 50. g6 Kxh4 51. Bd8 Kh5 52.
g7 e1=Q+ 53. Kxe1 Rg2 54. Rf7 Kh6 55. Bf6 Kh7 56. Rf8 Rxg7 57. Bxg7 Kxg7 58.
Re8 Kf6 59. Ke2 Kf5 60. Ke3 Kf6 61. Ke4 Kf7 62. Rxe5 Kf6 63. Kf4 Kg6 64. Ra5
Kh6 65. Kg4 Kg6 66. Ra6+ Kf7 67. Kg5 Ke7 68. Kf5 Kd7 69. Ke5 Kc7 70. Kd5 Kb7
71. Rg6 Kc7 72. Rh6 Kb7 73. Kc5 Ka7 74. Kb5 Kb7 75. Rh7+ Kc8 76. Kc6 Kd8 77.
Kd6 Kc8 78. Rg7 Kb8 79. Kc6 Ka8 80. Kb6 Kb8 1-0

[Event "CYCC U12"]
[Site "Quebec CAN"]
[Date "2018.07.05"]
[Round "7.75"]
[White "Ivanescu, Mark"]
[Black "Gaisinsky, Jacob"]
[Result "1-0"]
[WhiteElo "1962"]
[BlackElo "1058"]
[PlyCount "91"]
[EventDate "2018.07.02"]
[EventType "swiss"]
[EventRounds "7"]
[EventCountry "CAN"]

1. d4 Nf6 2. Nf3 d5 3. Bf4 c5 4. e3 Nc6 5. c3 Qb6 6. Qb3 c4 7. Qxb6 axb6 8. Na3
e5 9. Nb5 Ra5 10. Nd6+ Kd7 11. Nxf7 exf4 12. Nxh8 Ke8 13. exf4 Bf5 14. Nh4 Bd7
15. Be2 Bd6 16. f5 Ra8 17. O-O Kf8 18. Rfe1 Kg8 19. N8g6 hxg6 20. fxg6 Rf8 21.
Bf3 b5 22. h3 Bf4 23. Bd1 b4 24. Re2 b5 25. a3 bxc3 26. bxc3 Ne4 27. Rc2 Bg5
28. Nf3 Bf4 29. Rb1 Ne7 30. Ne5 Bxe5 31. dxe5 Nxg6 32. e6 Bc6 33. Bg4 Ne5 34.
f3 Nf6 35. Re2 Nexg4 36. hxg4 Re8 37. Rf1 Re7 38. g3 g5 39. Re5 Nh7 40. f4 gxf4
41. gxf4 Nf6 42. g5 Ne4 43. f5 Nxc3 44. f6 Ra7 45. f7+ Kf8 46. e7+ 1-0

[Event "CYCC U12"]
[Site "Quebec CAN"]
[Date "2018.07.05"]
[Round "7.76"]
[White "Xue, Harry"]
[Black "Bui, Alan"]
[Result "0-1"]
[WhiteElo "885"]
[BlackElo "1676"]
[PlyCount "50"]
[EventDate "2018.07.02"]
[EventType "swiss"]
[EventRounds "7"]
[EventCountry "CAN"]

1. e4 e5 2. Nf3 Nc6 3. Bc4 Nf6 4. d3 Bc5 5. Nc3 O-O 6. Bg5 h6 7. Bh4 Be7 8. O-O
d6 9. h3 Be6 10. Bb3 Qd7 11. Bxe6 fxe6 12. Qe2 Nd4 13. Nxd4 exd4 14. Nd1 e5 15.
Bxf6 Bxf6 16. c3 c5 17. cxd4 cxd4 18. b3 Rac8 19. Nb2 Bg5 20. Kh2 Rc7 21. Qh5
Rc2 22. h4 Bf4+ 23. g3 Rxb2 24. gxf4 Rxf4 25. Kg3 Rd2 0-1

[Event "CYCC U12"]
[Site "Quebec CAN"]
[Date "2018.07.05"]
[Round "7.77"]
[White "Moisan, Pier-Philippe"]
[Black "Wang, Robert"]
[Result "0-1"]
[WhiteElo "1332"]
[BlackElo "955"]
[PlyCount "54"]
[EventDate "2018.07.02"]
[EventType "swiss"]
[EventRounds "7"]
[EventCountry "CAN"]

1. e4 e5 2. Nf3 Nc6 3. Nc3 Nf6 4. Bc4 h6 5. h3 Bc5 6. d3 d6 7. Be3 Bxe3 8. fxe3
Be6 9. Nd5 Ne7 10. Nxf6+ gxf6 11. Bxe6 fxe6 12. O-O f5 13. exf5 Nxf5 14. Re1
Rg8 15. e4 Nh4 16. Nxh4 Qxh4 17. Re3 O-O-O 18. Qe2 Rg7 19. Rf1 Rdg8 20. Rf2 Rg3
21. Kh2 d5 22. Ref3 R8g5 23. Qd2 Rg6 24. Rf8+ Kd7 25. R2f7+ Kd6 26. Rf2 Rxh3+
27. gxh3 Qg3+ 0-1

[Event "CYCC U12"]
[Site "Quebec CAN"]
[Date "2018.07.05"]
[Round "7.79"]
[White "Wang, Yinan"]
[Black "Fedyushchenko, Alexander"]
[Result "1/2-1/2"]
[WhiteElo "977"]
[BlackElo "1278"]
[PlyCount "57"]
[EventDate "2018.07.02"]
[EventType "swiss"]
[EventRounds "7"]
[EventCountry "CAN"]

1. e4 e5 2. Nf3 Nc6 3. d4 exd4 4. Nxd4 Bc5 5. Be3 d6 6. Nxc6 bxc6 7. Bxc5 dxc5
8. Qxd8+ Kxd8 9. Bc4 Ke7 10. Nc3 Nf6 11. f3 Rb8 12. O-O-O Re8 13. Rhe1 Kf8 14.
Re2 Nd7 15. Red2 Nb6 16. Be2 Be6 17. f4 g6 18. g4 Bc4 19. Bxc4 Nxc4 20. Rd7
Nxb2 21. Re1 Rb7 22. e5 Re7 23. Rd8+ Re8 24. Rd7 Re7 25. e6 fxe6 26. Rd8+ Kf7
27. Ne4 Na4 28. Ng5+ Kf6 29. Rh8 1/2-1/2

[Event "CYCC U12"]
[Site "Quebec CAN"]
[Date "2018.07.05"]
[Round "7.80"]
[White "Adam, Rafael"]
[Black "Eirew, David"]
[Result "1-0"]
[WhiteElo "1270"]
[BlackElo "708"]
[PlyCount "153"]
[EventDate "2018.07.02"]
[EventType "swiss"]
[EventRounds "7"]
[EventCountry "CAN"]

1. d4 d5 2. c4 Nf6 3. Nc3 Bf5 4. Nf3 e6 5. e3 Nc6 6. a3 Be7 7. Be2 O-O 8. O-O
a6 9. Nh4 Be4 10. f3 Bf5 11. Nxf5 exf5 12. cxd5 Nxd5 13. Nxd5 Qxd5 14. Qc2 f4
15. Bc4 Qd6 16. d5 Qc5 17. dxc6 fxe3 18. Kh1 b5 19. Bd3 Bd6 20. Bxh7+ Kh8 21.
Qxc5 Bxc5 22. Bc2 Rfe8 23. Re1 Rad8 24. Be4 e2 25. Bf4 f5 26. Rxe2 fxe4 27.
Rxe4 Rxe4 28. fxe4 Bb6 29. h3 Rd4 30. Be3 Rc4 31. Bxb6 cxb6 32. Re1 Rxc6 33.
Re2 Re6 34. g4 Kh7 35. Kg2 Kg6 36. Kg3 Kf6 37. Kf3 Ke5 38. Ke3 Rd6 39. Rf2 g6
40. h4 Rd7 41. h5 gxh5 42. Rf5+ Ke6 43. Rxh5 Rd1 44. Rh6+ Kf7 45. Rxb6 Re1+ 46.
Kf4 Rf1+ 47. Ke5 Rb1 48. b4 Rg1 49. Rxa6 Rxg4 50. Kf5 Rh4 51. Ra7+ Ke8 52. e5
Rh5+ 53. Ke6 Rh6+ 54. Kd5 Rh1 55. e6 Rd1+ 56. Kc6 Rc1+ 57. Kxb5 Re1 58. e7 Rxe7
59. Rxe7+ Kxe7 60. Ka6 Kd7 61. b5 Kc7 62. Ka7 Kc8 63. b6 Kd8 64. b7 Kd7 65.
b8=Q Ke6 66. Kb6 Kd5 67. a4 Ke4 68. a5 Kf5 69. a6 Ke4 70. a7 Kd3 71. a8=R Kc3
72. Qd6 Kc4 73. Rc8+ Kb3 74. Qc5 Kb2 75. Qc3+ Ka2 76. Ra8+ Kb1 77. Ra1# 1-0